| 000 | 00575nam a2200169 a 4500 | ||
|---|---|---|---|
| 001 | 000016692 | ||
| 005 | 20200929164940.0 | ||
| 008 | 100309s1987 dr ad 001 0 spa d | ||
| 040 |
_aDO-SdBNP _bspa _cBNPHU |
||
| 082 |
_axxxx _bD542p |
||
| 100 | 1 |
_aDíaz Santana , Míriam _99620 |
|
| 245 | 1 | 3 |
_aLa privatización de los servicios sociales : _bla educación primaria / _cMíriam Díaz Santana. |
| 260 |
_aSanto Domingo : _bFundación Friedrich Ebert, _c1987. _fTaller |
||
| 300 |
_a75 p. : _bil., gráf. ; _c23 cm. |
||
| 504 | _aIncluye bibligrafía (p. 63 -64) | ||
| 049 | _aBNPD | ||
| 999 |
_c16225 _d16225 |
||